|
|
|
|
| LEADER |
01767nam a2200409 i 4500 |
| 001 |
EBC6319571 |
| 003 |
MiAaPQ |
| 005 |
20210115091625.0 |
| 006 |
m o d | |
| 007 |
cr cnu|||||||| |
| 008 |
210115s2020 ne o 000 0 eng d |
| 020 |
|
|
|z 9789004409644
|
| 020 |
|
|
|a 9789004433090 (e-book)
|
| 035 |
|
|
|a (MiAaPQ)EBC6319571
|
| 035 |
|
|
|a (Au-PeEL)EBL6319571
|
| 035 |
|
|
|a (OCoLC)1150873468
|
| 040 |
|
|
|a MiAaPQ
|b eng
|e rda
|e pn
|c MiAaPQ
|d MiAaPQ
|
| 050 |
|
4 |
|a K3240
|b .M387 2020
|
| 082 |
0 |
|
|a 341.481
|2 23
|
| 100 |
1 |
|
|a Maus, Sylvia,
|d 1982-
|e author.
|
| 245 |
1 |
0 |
|a United Nations peace operations and Human Rights :
|b normativity and compliance /
|c Sylvia Maus.
|
| 264 |
|
1 |
|a Leiden ;
|a Boston :
|b Brill,
|c [2020]
|
| 264 |
|
4 |
|c 2020
|
| 300 |
|
|
|a 1 online resource (459 pages).
|
| 336 |
|
|
|a text
|b txt
|2 rdacontent
|
| 337 |
|
|
|a computer
|b c
|2 rdamedia
|
| 338 |
|
|
|a online resource
|b cr
|2 rdacarrier
|
| 490 |
1 |
|
|a Legal Aspects of International Organizations ;
|v Volume 60
|
| 588 |
|
|
|a Description based on print version record.
|
| 590 |
|
|
|a Electronic reproduction. Ann Arbor, MI : ProQuest, 2018. Available via World Wide Web. Access may be limited to ProQuest affiliated libraries.
|
| 650 |
|
0 |
|a Human rights.
|
| 650 |
|
0 |
|a Peacekeeping forces (International law)
|
| 655 |
|
4 |
|a Electronic books.
|
| 776 |
0 |
8 |
|i Print version:
|a Maus, Sylvia.
|t United Nations peace operations and Human Rights : normativity and compliance.
|d Leiden ; Boston : Brill, c2020
|h 459 pages
|k Legal aspects of international organizations ; Volume 60.
|z 9789004409644
|
| 797 |
2 |
|
|a ProQuest (Firm)
|
| 830 |
|
0 |
|a Legal aspects of international organization ;
|v Volume 60.
|
| 856 |
4 |
0 |
|u https://ebookcentral.proquest.com/lib/matrademy/detail.action?docID=6319571
|z Click to View
|